Filosofía de la nación romántica seis ensayos críticos sobre el pensamiento intelectual y filosófico en Panamá, 1930-1960
Salvato in:
| Autore principale: | |
|---|---|
| Natura: | Documento governativo Libro |
| Lingua: | Spanish |
| Pubblicazione: |
Panamá
Editorial Mariano Arosemena
2008
|
| Edizione: | 1. edición |
| Serie: | Colección Ricardo Miró. Premio Ensayo 2007
|
| Soggetti: | |
| Tags: |
Aggiungi Tag
Nessun Tag, puoi essere il primo ad aggiungerne!!
|
MARC
| LEADER | 00000nam a22000007a 4500 | ||
|---|---|---|---|
| 008 | 131129s2008 p ||||f |||| 000 e spa d | ||
| 020 | |a 9789962659228 | ||
| 040 | |a cru CIICLA Universidad de Costa Rica | ||
| 086 | |a P864.4 R164f | ||
| 100 | 1 | |a Pulido Ritter, Luis |d 1961- | |
| 245 | 1 | 0 | |a Filosofía de la nación romántica |b seis ensayos críticos sobre el pensamiento intelectual y filosófico en Panamá, 1930-1960 |c Luis Pulido Ritter |
| 250 | |a 1. edición | ||
| 260 | |a Panamá |b Editorial Mariano Arosemena |c 2008 | ||
| 300 | |a 177 páginas | ||
| 490 | 0 | |a Colección Ricardo Miró. Premio Ensayo 2007 | |
| 650 | |9 52 |a LITERATURA PANAMEÑA |v ENSAYOS | ||
| 942 | |2 ddc |c BK | ||
| 999 | |c 2639 |d 2639 | ||



